00640nam a2200169 a 450000100100000000500170001000800410002704000250006808200150009310000490010824501030015726000360026030000350029604900090033195201130034099900170045300002956120200930055634.0110418s2005 dr acj 000 | spa d aDO-SdBNPbspacBNPHU axxxbG292L1 aGeara Nasser Vda. Barnichta, Josefina95639610aLíbano-República Dominicana :bdetrás de un sueño /cJosefina Geara Nasser Vda. Barnichta. aSanto Domingo :b[s.n.],c2005. a32 p. :bil., retrs. ;c23 cm. aBNPD 0010718PDaPDbPDcCTd2011-04-18iLF1l0oxxx G292Lp29561-10r2020-06-25w2020-06-25yLFPDZNo se presta c29053d29053